000 00771nam a22002055i 4500
001 170323
003 ES-MaACL
005 20260429201017.0
008 090224s1948 fr |||| | fre d
080 _a782.7
100 1 _aMozart, Wolfgang Amadeus,
_d1756-1791
_9240565
245 1 4 _aLes noces de Figaro
_b: opéra-bouffe en quatre actes /
_cMozart ; d'après Beaumarchais ; version française de Adolphe Boschot.
260 _aParis :
_bDurand et Cie.,
_c1948.
300 _a90 p. ;
_c21 cm.
650 1 4 _aÓperas-
_vLibretos.
_9137584
700 _aBeaumarchais, Pierre Augustin Caron de,
_d1732-1799
_9239070
700 0 _aBoschot, Adolphe.
_930675
852 _aES-MaACL
_j2249-F-15
_9R.140881
_z.- Biblioteca Jacinto Martínez Lacalle
999 _c170323
_d170323